| 000 | 00616nam a2200169 a 4500 | ||
|---|---|---|---|
| 001 | 000038030 | ||
| 005 | 20250128193628.0 | ||
| 008 | 130312s2012 dr ac 000 0 spa d | ||
| 020 | _a9789945006582 | ||
| 040 |
_aDO-SdBNP _bspa _cBNPHU |
||
| 100 | 1 |
_aGonzález, Julio _922913 |
|
| 245 | 1 | 0 |
_aRepública Dominicana monumental / _cJulio González, Marcio Veloz Maggiolo; presentación Edwin Espinal Hernández. |
| 260 |
_aSanto Domingo : _bSerigraf, _c2012. |
||
| 300 |
_a395 p. : _bil., retrs. ; _c31 cm. |
||
| 700 | 1 |
_aEspinal Hernández, Edwin, _d1971- _epres. _98396 |
|
| 700 | 1 |
_aVeloz Maggiolo, Marcio, _d1936-2021 _91104 |
|
| 999 |
_c37520 _d37520 |
||